Заметки Лорис-Меликова Михаила Тариэловича о закавказских имениях Чанахчи, Акори и Суко

RUSMARC
00005119nmc2a22003373x 450
0010c1a2d7f-55c1-431a-88e8-976b9f2766b4
00520240819200319.0
100##$a20240716l1886 k y0rusy50 ca
1010#$arus
$afre
$aeng
102##$aRU
105##$aa z |||||
1220#$ad18861231
2001#$aЗаметки Лорис-Меликова Михаила Тариэловича о закавказских имениях Чанахчи, Акори и Суко
$j1886
215##$a81 лист
$cтабл., ил.
$d34,8 х 24,8
251##$cДело
300##$aНа папке дела дата не указана
300##$aЛисты: 81 лист, в том числе: литерный 18а; 12-80 - записная книжка
300##$aЧасть текста на французском и английском языках
300##$aРукописный и типографский текст
325##$aЗамикрофильмировано
330##$aВходит в раздел описи: Хозяйственные и другие материалы, не относящиеся к служебной деятельности Лорис-Меликова
461#0$1001cda3d175-ae4a-411a-8dea-9cc20fb178f6
$12001
$aЛорис-Меликов Михаил Тариелович, граф, министр внутренних дел, главный начальник "верховной распорядительной комиссии по охранению государственного порядка и общественного спокойствия", генерал от кавалерии
$1251
$cФонд
$1852
$j569
462#0$1001163e060a-d7cc-404d-90ee-e28c9801971b
$12001
$aОпись дел фонда М. Т. Лорис-Меликова за 1858-1915 гг.
$vД. 128
$1251
$cОпись
$1852
$j1
600#1$aЛорис-Меликов
$bМ. Т.
$gМихаил Тариэлович
605##$3DITM\AF\0000002775
$aВласть
$lколлекция
$2acquisition_prlib
6101#$aЗакавказские имения
$aЧенахчи
$aАкори
$aСуко
686##$a63.3(2)535-332ю1
$cИстория
$2rubbk
686##$a67.400.6ю1
$cПраво
$2rubbk
801#0$aRU
$bGA_RF
801#1$aRU
$bГлавНИВЦ
$c20240716
$2rusmarc
801#2$aRU
$bПБ им. Б.Н. Ельцина
$c20240819
$gRCR
$2rusmarc
852##$aГА РФ
$j128
937##$d193623846
$hГАРФ
035##$aRuPRLIB51076487
856##$uhttp://readingroom.main.prlib.ru/item.aspx?id_node=n193623846&mode=full
Формат отображения